Sử dụng Mathcad Professional để giải bài toán khảo sát và vẽ đồ thị hàm số

Tìm hiểu về lý thuyết khảo sát hàm số cùng các vấn đề liên quan. Đồng thời, chúng ta cũng sẽ tìm hiểu về phần mềm toán học Mathcad Professional, về công dụng, tính năng và các phép tính toán được thực hiện của nó. Giải bài toán khảo sát và vẽ đồ thị hàm số bằng Mathcad....

Mô tả đầy đủ

Đã lưu trong:
Chi tiết về thư mục
Tác giả chính: Huỳnh Thị Cảnh
Tác giả khác: Lê Thị Bích Hồng (Hướng dẫn)
Định dạng: Sách
Được phát hành: Đà Nẵng Đại học Sư phạm, Đại học Đà Nẵng 2012
Những chủ đề:
Các nhãn: Thêm thẻ
Không có thẻ, Là người đầu tiên thẻ bản ghi này!
Thư viện lưu trữ: Mạng thư viện Đại học Đà Nẵng
LEADER 01942nam a2200337 4500
001 000017482
003 13900
005 20130418140454.0
008 130418s2012 sd
082 |a 006.69  |b HU-C 
100 1 |a Huỳnh Thị Cảnh 
245 |a Sử dụng Mathcad Professional để giải bài toán khảo sát và vẽ đồ thị hàm số  |c Huỳnh Thị Cảnh ; Lê Thị Bích Hồng hướng dẫn  |k Khóa luận tốt nghiệp 
260 |a Đà Nẵng  |b Đại học Sư phạm, Đại học Đà Nẵng  |c 2012 
300 |a 41 tr.  |c 29 cm.  |e Đĩa CD, bản tóm tắt 
500 |a Khóa luận tốt nghiệp đại học. Chuyên ngành: Cử nhân Công nghệ thông tin 
504 |a Mục lục đầu trang, tài liệu tham khảo tr. 73 - 74, phụ lục [13 tr.] 
520 |a Tìm hiểu về lý thuyết khảo sát hàm số cùng các vấn đề liên quan. Đồng thời, chúng ta cũng sẽ tìm hiểu về phần mềm toán học Mathcad Professional, về công dụng, tính năng và các phép tính toán được thực hiện của nó. Giải bài toán khảo sát và vẽ đồ thị hàm số bằng Mathcad. 
600 1 4 |b Vua  |c Đinh Tiên Hoàng 
650 0 4 |a Đồ thị hàm số  |a Phần mềm toán học  |v Khóa luận tốt nghiệp  |x Ứng dụng 
653 |a Đồ thị hàm số  |a Phần mềm toán học Mathcad Professional  |a Khoa Tin 
700 |a Lê Thị Bích Hồng  |e Hướng dẫn 
OWN |a LSP 
AVA |a UDN50  |b LSP  |d 006.69 HU-C  |e available  |t Error 5001 Not defined in file expand_doc_bib_avail.  |f 1  |g 0  |h N  |i 0  |k 1 
999 |a From the UDN01 
AVA |a UDN50  |b LSP  |d 006.69 HU-C  |e available  |t Error 5001 Not defined in file expand_doc_bib_avail.  |f 1  |g 0  |h N  |i 0  |k 1 
TYP |a Monograph 
TYP |a Printed language 
980 |a Mạng thư viện Đại học Đà Nẵng